000 00753nam a2200265Ia 4500
003 OSt
005 20221005081619.0
006 a|||||r|||| 00| 0
007 ta
008 221004b |||||||| |||| 00| 0 eng d
020 _a8129108186 (pbk)
_cIndian Rupees 95
024 _a70531
037 _bGift, 03/12/2021,
_cTextual
040 _aCRL
_cCRL
_beng
041 _2eng
_aeng
082 _aO111,3N74,ON, P5
100 _aChetan Bhagat Au.
_9611237
245 0 _aOne night
260 _aNew Delhi
_bRupa & Co. India
_c2005
300 _a291p.
_ccm.
650 _a ENGLISH LITERATURE
650 _aENGLISH FICTION
942 _hO111,3N74,ON, P5
_cTEXL
_2cc
999 _c987998
_d987998